000 00312nam a22001337a 4500
008 190305b xxu||||| |||| 00| 0 eng d
020 _a0876303483
041 _aeng
080 _a159.9
100 _a49
101 _aPSI
245 _aPsychological Methods of Child Assessment
_cGoldman,J
942 _2udc
_cBK
999 _c54453
_d54453